| 000 | 01431nam a22004217a 4500 | ||
|---|---|---|---|
| 003 | URS | ||
| 005 | 20260212104536.0 | ||
| 008 | 260212b |||||||| |||| 00| 0 eng d | ||
| 020 | _a9786214063680 | ||
| 040 |
_aDLC _beng _cDLC _dURS _erda |
||
| 050 |
_aD 2070 _b.C7672 2024 |
||
| 100 | _aBerdeblanco, Kadesh Exodus T. | ||
| 245 |
_aThe contemporary world/ _cKadesh Exodus T. Berdeblanco and 13 others.- |
||
| 264 |
_aIntramuros, Manila: _bMindshapers company incorporated, _cc2024 |
||
| 300 |
_aviii, _b168 pages: illustrations some (black and white); _c23 centimeters. |
||
| 336 |
_2rdacontent _atext _btxt |
||
| 337 |
_2rdamedia _aunmediated _bn |
||
| 338 |
_2rdacarrier _avolume _bnc |
||
| 500 | _aincludes biographical notes about the authors. | ||
| 504 | _aincludes bibliography. | ||
| 546 | _aIn English text. | ||
| 650 | _2Globalization | ||
| 650 | _2Current events- Philippines | ||
| 700 | _aCanizares, Raymundo S. | ||
| 700 | _aCristobal, Joseph M. | ||
| 700 | _aDacles, Darwin Don M. | ||
| 700 | _aDocdoc, Vercelle A. | ||
| 700 | _aFlores, Kenedy G. | ||
| 700 | _aLeones, Clifford Luis T. | ||
| 700 | _aMallo, Erwin A. | ||
| 700 | _aMariƱas, Digna Ruth A. | ||
| 700 | _aMaslang, Kenneth L. | ||
| 700 | _aRodriguez, Dulce M. | ||
| 700 | _aSoriano, Ronie B. | ||
| 700 | _aViloria, Margie Imelda T. | ||
| 700 |
_aBailon,Paz O. _eeditor |
||
| 942 |
_2lcc _cF _hD 2070 _i.C7672 2024 |
||
| 999 |
_c89246 _d89243 |
||